| 000 -LEADER |
| fixed length control field |
00446cam a22001457a 4500 |
| 008 - FIXED-LENGTH DATA ELEMENTS--GENERAL INFORMATION |
| fixed length control field |
180718b1992 xxu||||| |||| 00| 0 eng d |
| 020 ## - INTERNATIONAL STANDARD BOOK NUMBER |
| International Standard Book Number |
8185402078 |
| 082 ## - DEWEY DECIMAL CLASSIFICATION NUMBER |
| Classification number |
G22x54 K151p |
| 100 ## - MAIN ENTRY--PERSONAL NAME |
| Personal name |
Kashyap, Subhash C. |
| 245 ## - TITLE STATEMENT |
| Title |
Parliamentary: wit and humour |
| Statement of responsibility, etc. |
by Subhash C. Kashyap |
| 260 ## - PUBLICATION, DISTRIBUTION, ETC. |
| Place of publication, distribution, etc. |
Delhi |
| Name of publisher, distributor, etc. |
Shipra Publications |
| Date of publication, distribution, etc. |
1992 |
| 300 ## - PHYSICAL DESCRIPTION |
| Extent |
212p |
| 650 ## - SUBJECT ADDED ENTRY--TOPICAL TERM |
| Topical term or geographic name entry element |
India --Politics and government --1971- --Humor |
| 650 ## - SUBJECT ADDED ENTRY--TOPICAL TERM |
| Topical term or geographic name entry element |
India Parliament. --Humor |